000 00440 a2200145 4500
001 ART_40940
005 20260410161721.0
008 260409a
245 1 0 _aPrincipio de independencia en la auditoría de Pymes
100 1 _aSchlaps, Karenina
700 1 _aAlbanese, Diana
700 1 _aBriozzo, Anahí
700 1 _aVigier, Hernán
773 0 _tContabilidad y auditoría
_g- Año 21, Nº 42 (dic. 2015)
_wREV1723
999 _c16984
_d16984